000 00262pab a2200109 454500
008 180718b xxu||||| |||| 00| 0 eng d
100 _aCaudron, Shari
245 _aTraining ensures success overseas
650 _aTraining
773 _aPersonnel Journal
909 _a2808
999 _c2808
_d2808